000 00345nam a2200121 4500
008 180213b xxu||||| |||| 00| 0 eng d
100 _926402
_aAngara, Edgardo J.
245 _aTax reform is never easy/
_cEdgardo J. Angara
260 _aPhilippines
_bManila Bulletin
_cc2017
300 _apage E-4.
650 0 _926403
_aTaxation.
942 _2ddc
_cPER
999 _c8587
_d8587